000 01078nam a22002537a 4500
005 20170124102933.0
010 B _aB-014912
020 _c495.00
035 _aB-014912
037 _bCen Lib/Ret
040 _aDPL
_bHN
082 _a808.883
_bझुनझु
100 _aशीला झुनझुनवाला
_943083
245 _aकुछ कही कुछ अनकही /
_cशीला झुनझुनवाला
246 _aKuch kahi kuch ankahi /
_bby Sheela Jhunjhunvala
260 _a नई दिल्ली
_bटी.पी. झुनझुनवाला फौनाडाशान
_c2000
270 _b नई दिल्ली
_a18, साउथ एक्सटेंशन, पार्ट ll
_e11049
300 _a431पृ.:
_c19सेमी(सजिल्द )
_bसचित्र
650 _aहिंदी साहित्य
_x
_z
_945824
650 _aजीवनी
_9102
650 _aHindi litarature
_945825
650 _aBiography
_97490
942 _2ddc
_cHN
_h808.883
_mझुनझु
999 _c112090
_d112090